| 000 | 01054nam a2200217Ia 4500 | ||
|---|---|---|---|
| 999 |
_c37843 _d37843 |
||
| 001 | 3821 | ||
| 003 | GE_BSU | ||
| 005 | 20190821175033.0 | ||
| 008 | 181216s1968||||ge |||||||||||||| ||geo|| | ||
| 040 | _cGE_BSU | ||
| 041 | _ageo | ||
| 080 | _a1(479.22)(09) ი–70 | ||
| 100 |
_aიოანე, პეტრიწი _93635 |
||
| 245 |
_aსათნოებათა კიბე / _cგამოსაცემად მოამზადა, გამოკვლევა, შენიშვნები და ლექსიკონი დაურთო ივანე ლოლაშვილმა. |
||
| 264 |
_aთბ. : _bსაბჭოთა საქართველო, _c1968. |
||
| 300 |
_a270 გვ. ; _b22 სმ. |
||
| 490 | _aძველ-ქართული ფილოსოფიური ძეგლები | ||
| 653 | _aქართული ფილოსოფიის ისტორია | ||
| 700 |
_aფავლენიშვილი, ნ. _eრედაქტორი _93115 |
||
| 942 |
_cBK _2udc |
||